10 największych miast w Polsce - nagła śmierć - Statystyki

Ogólne statystyki
  • Ten quiz został rozwiązany 448 razy
  • Średni wynik to 6 z 10
Answers on the Grid
Answers color-coded by a green-red scale on the quiz's grid according to % correct below.
Warszawa
Kraków
Wrocław
Łódź
Poznań
Gdańsk
Szczecin
Bydgoszcz
Lublin
Białystok
Gdynia
Olsztyn
Toruń
Katowice
Rzeszów
Radom
Kielce
Częstochowa
Opole
Zielona Góra
 
Statystyki odpowiedzi
Odpowiedź % Poprawnych
Warszawa
84%
Kraków
72%
Wrocław
71%
Gdańsk
70%
Poznań
66%
Łódź
63%
Szczecin
50%
Bydgoszcz
34%
Lublin
31%
Białystok
29%
Nie znaleziono quizów pasujących do podanych kryteriów
Rozkład punktacji
Procent ludzi z każdym wynikiem
Percentyl według liczby udzielonych odpowiedzi
Twoja historia wyników
Nie rozwiązałeś tego quizu